Využitie UML pri modelovaní XML aplikácie

Salvato in:
Dettagli Bibliografici
Autore principale: Doričová, Katarína
Natura: Capitolo di libro
Lingua:slovacco
Tags: Aggiungi Tag
Nessun Tag, puoi essere il primo ad aggiungerne!!

MARC

LEADER 00000nla$a2200000$$$4500
001 0063461
005 20240502071729.9
041 0 |a slo 
044 |a SK 
245 1 0 |a Využitie UML pri modelovaní XML aplikácie  |c Katarína Doričová 
100 1 |a Doričová, Katarína